<?xml version="1.0" encoding="UTF-8"?>
<collection xmlns="http://www.loc.gov/MARC21/slim">
 <record>
  <leader>02348nab a2200265 i 4500</leader>
  <controlfield tag="001">publ30072</controlfield>
  <controlfield tag="005">20240408084042.0</controlfield>
  <controlfield tag="008">240408s2007    hu      o     0||   eng d</controlfield>
  <datafield tag="022" ind1=" " ind2=" ">
   <subfield code="a">0954-6111</subfield>
  </datafield>
  <datafield tag="024" ind1="7" ind2=" ">
   <subfield code="a">10.1016/j.rmed.2007.06.017</subfield>
   <subfield code="2">doi</subfield>
  </datafield>
  <datafield tag="024" ind1="7" ind2=" ">
   <subfield code="a">1906365</subfield>
   <subfield code="2">mtmt</subfield>
  </datafield>
  <datafield tag="040" ind1=" " ind2=" ">
   <subfield code="a">SZTE Publicatio Repozitórium</subfield>
   <subfield code="b">hun</subfield>
  </datafield>
  <datafield tag="041" ind1=" " ind2=" ">
   <subfield code="a">eng</subfield>
  </datafield>
  <datafield tag="100" ind1="1" ind2=" ">
   <subfield code="a">Varga János Tamás</subfield>
  </datafield>
  <datafield tag="245" ind1="1" ind2="0">
   <subfield code="a">Supervised high intensity continuous and interval training vs. self-paced training in COPD</subfield>
   <subfield code="h">[elektronikus dokumentum] /</subfield>
   <subfield code="c"> Varga János Tamás</subfield>
  </datafield>
  <datafield tag="260" ind1=" " ind2=" ">
   <subfield code="c">2007</subfield>
  </datafield>
  <datafield tag="300" ind1=" " ind2=" ">
   <subfield code="a">2297-2304</subfield>
  </datafield>
  <datafield tag="490" ind1="0" ind2=" ">
   <subfield code="a">RESPIRATORY MEDICINE</subfield>
   <subfield code="v">101 No. 11</subfield>
  </datafield>
  <datafield tag="520" ind1="3" ind2=" ">
   <subfield code="a">Background: Endurance training is an effective component of pulmonary rehabilitation in COPD. Controversy exists regarding whether different modalities of supervised exercise training (continuous (C) or interval (I)) or self-paced (S) programs are equally beneficial. Methods: Seventy-one patients with COPD (average FEV1=55% predicted) were assigned to 8 weeks of C, I or S training, 45 min/session, 3 times/week. Group C (n=22) exercised at 80% of pre-training peak work rate in an incremental cycle ergometer test. In group I (n=17), training consisted of 30 min of cycling 2 min at 90% followed by 1 min at 50% peak work rate bracketed by 7.5 min at 50% peak work rate. The S group (n=32) was instructed to cycle, climb stairs and walk in their home with the same periodicity and time intervals. Results: Improvement in incremental test peak work rate was significant in both C and I groups, but not in S. Peak oxygen uptake and lactic acidosis threshold improved significantly in the supervised groups, but differences among groups did not achieve significance. Scores in an activity questionnaire improved in all groups without significant differences among groups. Conclusions: In COPD patients, continuous and interval training have similar physiologic effects; by some measures of endurance exercise performance, they are superior to self-paced training. However, all were effective in improving patient-perceived activity. © 2007.</subfield>
  </datafield>
  <datafield tag="650" ind1=" " ind2="4">
   <subfield code="a">Klinikai orvostan</subfield>
  </datafield>
  <datafield tag="700" ind1="0" ind2="1">
   <subfield code="a">Porszasz János</subfield>
   <subfield code="e">aut</subfield>
  </datafield>
  <datafield tag="700" ind1="0" ind2="1">
   <subfield code="a">Boda Krisztina</subfield>
   <subfield code="e">aut</subfield>
  </datafield>
  <datafield tag="700" ind1="0" ind2="1">
   <subfield code="a">Casaburi Richard</subfield>
   <subfield code="e">aut</subfield>
  </datafield>
  <datafield tag="700" ind1="0" ind2="1">
   <subfield code="a">Somfay Attila</subfield>
   <subfield code="e">aut</subfield>
  </datafield>
  <datafield tag="856" ind1="4" ind2="0">
   <subfield code="u">http://publicatio.bibl.u-szeged.hu/30072/1/1-s2.0-S0954611107002697-main.pdf</subfield>
   <subfield code="z">Dokumentum-elérés </subfield>
  </datafield>
 </record>
</collection>
